000
00316nam a2200133Ia 4500
005
20251222144914.0
008
251222s9999||||xx |||||||||||||| ||spa||
020
_a
88-459-1616-2
082
_a
270/G49
100
_a
Girard, René
245
0
_a
Vedo Satana Cadere come la Folgore
264
_b
Adelphi
942
_c
LIB
999
_c
22473
_d
22473